Statistics for Vendet më të afërta me Shqipërinë

Click here to take the quiz!

General Stats

  • This quiz has been taken 31 times
  • The average score is 13 of 20

Answer Stats

kmvend% Correct
38Serbia
91%
73Italia
86%
0Greqi
82%
148Bullgaria
77%
357Hungaria
73%
0Kosovë
73%
0Mali i Zi
73%
574Sllovakia
68%
467Sllovenia
68%
70Kroacia
64%
266Rumania
64%
420Turqia
64%
532Austria
59%
0Maqedonia
e Veriut
59%
640Ukrainë
59%
698Çekia
55%
587San Marino
45%
76Bosnja dhe
Hercegovina
41%
638Maltë
41%
570Vatikani
41%

Score Distribution

Percentile by Number Answered

Percent of People with Each Score

Your Score History

You have not taken this quiz